Incheon International Airport Destinations (Seoul, South Korea) - Statistics

General Stats
  • This quiz has been taken 272 times
    93 since last reset
  • The average score is 110 of 178
Answer Stats
Airline Destination % Correct
Etihad Airways Abu Dhabi
98%
Air China/Asiana Airlines/Korean Air Beijing (Capital)
98%
Air China/China Eastern Airlines/China Southern Airlines Beijing (Daxing)
98%
Ethiopian Airlines Addis Ababa
96%
Thai AirAsia X Bangkok (Don Mueang)
96%
Air Busan/Air Premia/Asiana Airlines/Eastar Jet/Jeju Air/Jin Air/Korean Air/Thai Airways International/T'way Air Bangkok (Suvarnabhumi)
96%
KLM/Korean Air Amsterdam
94%
Aero K/Bamboo Airways/Jeju Air/Korean Air/T'way Air/VietJet Air/Vietnam Airlines Hanoi
94%
Air Premia/Asiana Airlines/Korean Air Los Angeles
94%
LOT Polish Airlines Warsaw (Chopin)
94%
Delta Air Lines/Korean Air Atlanta
93%
Air New Zealand/Korean Air Auckland
93%
Air India/Korean Air Delhi
93%
Emirates/Korean Air Dubai (International)
93%
Finnair Helsinki
93%
Jeju Air/Korean Air/T'way Air/VietJet Air/Vietnam Airlines Ho Chi Minh City
93%
Asiana Airlines/Korean Air New York (JFK)
93%
Air Premia/Asiana Airlines/Korean Air/United Airlines San Francisco
93%
Asiana Airlines/China Eastern Airlines/China Southern Airlines/Eastar Jet/Korean Air/Shanghai Airlines/Spring Airlines Shanghai (Pudong)
93%
Asiana Airlines/Jeju Air/Korean Air/Scoot/Singapore Airlines/T'way Air Singapore
93%
Asiana Airlines/Jetstar/Korean Air/Qantas/T'way Air Sydney
93%
Air Canada/Korean Air Toronto (Pearson)
93%
Air Canada/Korean Air/T'way Air Vancouver
93%
Korean Air Busan
91%
American Airlines/Korean Air Dallas/Fort Worth
91%
Air Premia/Asiana Airlines/Cathay Pacific/Greater Bay Airlines/HK Express/Hong Kong Airlines/Jeju Air/Korean Air/T'way Air Hong Kong
91%
Asiana Airlines/Korean Air/Virgin Atlantic London (Heathrow)
91%
Aero K/Air Busan/Air Seoul/Asiana Airlines/Eastar Jet/Jeju Air/Jin Air/Korean Air/Peach/T'way Air Osaka (Kansai)
91%
Asiana Airlines/Delta Air Lines/Hawaiian Airlines/Korean Air Seattle/Tacoma
91%
Air Astana Astana
89%
Scandinavian Airlines Copenhagen
89%
Asiana Airlines/Korean Air/Lufthansa/T'way Air Frankfurt
89%
Asiana Airlines/Korean Air/Turkish Airlines Istanbul
89%
Asiana Airlines/Garuda Indonesia/Korean Air Jakarta (Soekarno-Hatta)
89%
AirAsia X/Batik Air Malaysia/Korean Air/Malaysia Airlines Kuala Lumpur (International)
89%
Air Macau/Jeju Air/Korean Air/T'way Air Macau
89%
Asiana Airlines/Cebu Pacific/Jeju Air/Korean Air/Philippine Airlines/Philippines AirAsia Manila
89%
Air Canada Montréal (Trudeau)
89%
Lufthansa Munich
89%
Air France/Asiana Airlines/Korean Air/T'way Air Paris (Charles de Gaulle)
89%
Asiana Airlines/Korean Air Tokyo (Haneda)
89%
Aero K/Air Busan/Air Japan/Air Premia/Air Seoul/Asiana Airlines/Eastar Jet/Ethiopian Airlines/Jeju Air/Jin Air/Korean Air/Peach/T'way Air/Zipair Tokyo Tokyo (Narita)
89%
Aero Mongolia/Asiana Airlines/Jeju Air/Korean Air/MIAT Mongolian Airlines/T'way Air Ulaanbaatar
89%
Garuda Indonesia/Jeju Air/Korean Air Denpasar
87%
Qatar Airways Doha
87%
Asiana Airlines/China Southern Airlines/Korean Air Guangzhou
87%
Air Premia/Asiana Airlines/Hawaiian Airlines/Korean Air Honolulu
87%
Aeroméxico Mexico City
87%
Asiana Airlines/China Airlines/Eastar Jet/EVA Air/Jeju Air/Jin Air/Korean Air/Scoot/Tigerair Taiwan/Uni Air Taipei (Taoyuan)
87%
Asiana Airlines/Qanot Sharq/T'way Air/Uzbekistan Airways Tashkent
87%
Korean Air/Swiss International Air Lines Zürich
87%
Korean Air Chicago (O'Hare)
85%
SriLankan Airlines Colombo (Bandaranaike)
85%
Korean Air Washington (Dulles)
85%
China Southern Airlines/Korean Air/T'way Air Wuhan
85%
Air Astana/Asiana Airlines/Eastar Jet Almaty
83%
Korean Air Boston
83%
Jetstar/Korean Air Brisbane
83%
WestJet Calgary
83%
Asiana Airlines/Cebu Pacific/Jeju Air/Jin Air/Korean Air/Philippine Airlines/T'way Air Cebu
83%
Korean Air Madrid
83%
Asiana Airlines/Korean Air/T'way Air Rome (Fiumicino)
83%
Turkmenistan Airlines Ashgabat
81%
Air China/Asiana Airlines/Sichuan Airlines Chengdu (Tianfu)
81%
Asiana Airlines Melbourne
81%
Korean Air/XiamenAir Xiamen
81%
Jeju Air Hiroshima
80%
Korean Air Milan (Malpensa)
80%
Air Premia Newark
80%
Asiana Airlines/Korean Air/Sky Angkor Airlines Phnom Penh
80%
Air Busan/Air Seoul/Asiana Airlines/Eastar Jet/Jeju Air/Jin Air/Korean Air/T'way Air Sapporo (Chitose)
80%
Asiana Airlines/China Eastern Airlines/Korean Air Xi'an
80%
China Southern Airlines/Eastar Jet/Korean Air Zhengzhou
80%
Air Premia/Asiana Airlines/Korean Air/T'way Air Barcelona
78%
Air China/Asiana Airlines Chongqing
78%
Delta Air Lines Detroit
78%
Asiana Airlines/China Southern Airlines/Korean Air/Shenzhen Airlines Shenzhen
78%
Saudia Jeddah
76%
Asiana Airlines/Jeju Air/Jin Air/Korean Air Nagoya (Centrair)
76%
Jin Air/Korean Air Phuket
76%
Air China/Asiana Airlines/Korean Air/Tianjin Airlines Tianjin
76%
Korean Air Vienna
76%
Royal Brunei Airlines Bandar Seri Begawan
74%
Korean Air Daegu
74%
Air Premia/Air Seoul/Asiana Airlines/Eastar Jet/Jeju Air/Jin Air/Korean Air/T'way Air/VietJet Air/Vietnam Airlines Da Nang
74%
Air Busan/Air Seoul/Eastar Jet/Jeju Air/Jin Air/Korean Air/T'way Air Fukuoka
72%
Korean Air/Myanmar Airways International Yangon
72%
Air Premia Dhaka
70%
Air China/Asiana Airlines/China Eastern Airlines/Korean Air/Spring Airlines Hangzhou
70%
Korean Air Las Vegas
70%
Delta Air Lines Minneapolis/St. Paul
70%
Asiana Airlines/China Eastern Airlines/Korean Air Nanjing
70%
Asiana Airlines/Korean Air Athens
69%
Asiana Airlines/Eastar Jet/Jeju Air/Jin Air/Korean Air Chiang Mai
67%
Korean Air Nagasaki
67%
T'way Air Bishkek
65%
Korean Air/LOT Polish Arilines Budapest
65%
Air Premia/Korean Air Oslo
65%
Asiana Airlines/Korean Air Prague
65%
China Southern Airlines/Korean Air/Spring Airlines/T'way Air Shenyang
65%
Asiana Airlines/China Southern Airlines/Korean Air Changsha
63%
China Eastern Airlines/Korean Air Kunming
63%
Asiana Airlines/China Eastern Airlines/Jeju Air/Jin Air/Korean Air/Qingdao Airlines/Shandong Airlines/Shanghai Airlines/T'way Air Qingdao
63%
Jeju Air/Jin Air/Korean Air/T'way Air Guam
61%
Asiana Airlines/China Eastern Airlines/China Southern Airlines/Jeju Air Harbin
61%
Aero K/China Airlines/EVA Air/T'way Air Kaohsiung
61%
Korean Air Kathmandu
61%
Air Busan/Jeju Air/Jin Air/Lao Airlines/T'way Air Vientiane
61%
Asiana Airlines/China Southern Airlines/Korean Air Dalian
59%
Korean Air/XiamenAir Fuzhou
59%
Korean Air Lisbon
59%
Asiana Airlines/Sky Angkor Airlines Siem Reap
59%
Asiana Airlines Cairo
57%
Hainan Airlines/T'way Air Haikou
56%
Korean Air Niigata
56%
Asiana Airlines Sendai
54%
Asiana Airlines/Eastar Jet/Jeju Air/Jin Air/Korean Air/Peach Aviation/T'way Air Naha
50%
Delta Air Lines Salt Lake City
48%
Jin Air/Korean Air/T'way Air Taichung
48%
Air China/T'way Air Wenzhou
48%
Eastar Jet/Jeju Air/Jin Air/Korean Air/VietJet Air Phu Quoc
46%
LOT Polish Airlines Wrocław
46%
Aero K/Shandong Airlines/T'way Air Jinan
44%
Jeju Air/Korean Air/T'way Air Kagoshima
44%
Asiana Airlines/Jeju Air/T'way Air Saipan
43%
China Eastern Airlines/Shenzhen Airlines Wuxi
43%
China Eastern Airlines/Shandong Airlines Yantai
43%
AirAsia/Asiana Airlines/Batik Air Malaysia/Jeju Air/Jin Air/T'way Air Kota Kinabalu
39%
Asiana Airlines/Cebu Pacific/Jeju Air/Jin Air/Philippine Airlines/T'way Air Clark
37%
Jeju Air Hakodate
37%
Korean Air Kobe
37%
Jeju Air Matsuyama
37%
Korean Air Hefei
35%
Korean Air Krabi
35%
Asiana Airlines/Korean Air/T'way Air Kumamoto
35%
Aero K/Air Busan/Air Seoul/Eastar Jet/Jeju Air/Jin Air/Korean Air/T'way Air/VietJet Air/Vietnam Airlines Nha Trang
35%
Korean Air Okayama
35%
Jin Air Ishigaki
33%
Asiana Airlines Miyazaki
33%
Korean Air Aomori
31%
Jin Air Kitakyushu
31%
Jeju Air/Korean Air/T'way Air Ōita
31%
Korean Air/T'way Air Sanya
31%
Jeju Air/Spring Airlines Shijiazhuang
31%
Air Seoul/Jin Air Takamatsu
31%
T'way Air Zagreb
31%
Asiana Airlines Asahikawa
28%
Asiana Airlines/China Southern Airlines Changchun
28%
VietJet Air Hai Phong
28%
Jeju Air Shizuoka
28%
Korean Air Tbilisi
28%
S7 Airlines Irkutsk
26%
T'way Air Saga
26%
Korean Air Komatsu
24%
Korean Air Yerevan
22%
T'way Air Toyama
20%
SCAT Airlines Şymkent
19%
China Eastern Airlines/Jeju Air Weihai
19%
Air China/Asiana Airlines/China Eastern Airlines/China Southern Airlines/Jeju Air/Korean Air Yanji
19%
VietJet Air Can Tho
17%
Spring Airlines Yangzhou
17%
Air Seoul/Korean Air Zhangjiajie
17%
Eastar Jet Tokushima
15%
Air Seoul/T'way Air Kalibo
13%
China Southern Airlines/Korean Air Mudanjiang
11%
Jin Air Shimojishima
11%
Air Seoul Yonago
11%
Asiana Airlines/Jeju Air/VietJet Air Da Lat
9%
China Southern Airlines Huangshan
9%
Jeju Air Jiamusi
9%
China United Airlines Ordos
9%
Air Busan/Air Seoul/Asiana Airlines/Jeju Air/Jin Air Tagbilaran
9%
Asiana Airlines Yancheng
9%
Jeju Air Batam
7%
Vietnam Airlines Ha Long
7%
Korean Air Dubrovnik
6%
Aero K Pakse
4%
Jeju Air Manado
2%
No matching quizzes found
Score Distribution
Percent of People with Each Score
Percentile by Number Answered
Your Score History
You have not taken this quiz since the last reset